Đưa tiếng dân tộc vào giảng dạy trong nhà trường cần hội tụ nhiều yếu tố /
محفوظ في:
| المؤلف الرئيسي: | |
|---|---|
| مؤلفون آخرون: | |
| التنسيق: | مقال |
| اللغة: | Vietnamese |
| الموضوعات: | |
| الوسوم: |
إضافة وسم
لا توجد وسوم, كن أول من يضع وسما على هذه التسجيلة!
|
| Thư viện lưu trữ: | Thư viện Trường Đại học Đà Lạt |
|---|
| LEADER | 00855nam a2200289 4500 | ||
|---|---|---|---|
| 001 | DLU100105140 | ||
| 005 | ##20100323 | ||
| 040 | # | # | |a DLU |b vie |
| 041 | # | # | |a vie |
| 044 | # | # | |a vn |
| 100 | # | # | |a Mông Ký Slay. |
| 245 | # | # | |a Đưa tiếng dân tộc vào giảng dạy trong nhà trường cần hội tụ nhiều yếu tố / |c Mông Ký Slay, Trần Nga. |
| 653 | # | # | |a Bảo tồn |
| 653 | # | # | |a Ngôn ngữ |
| 653 | # | # | |a Phương ngữ |
| 653 | # | # | |a Tiếng mẹ đẻ |
| 700 | # | # | |a Trần Nga. |
| 773 | # | # | |t Văn nghệ dân tộc |g Số7(155), 2008, tr. 9-12 |
| 920 | # | # | |a Phòng Tạp chí -- Trung tâm Thông tin - Thư viện Trường Đại học Đà Lạt |
| 994 | # | # | |a DLU |
| 900 | # | # | |a True |
| 911 | # | # | |a Nguyễn Thị Linh Chi |
| 925 | # | # | |a G |
| 926 | # | # | |a A |
| 927 | # | # | |a BB |
| 980 | # | # | |a Thư viện Trường Đại học Đà Lạt |